000 01170nam a2200361 a 4500
001 000043774
003 DO-SdBNP
005 20170922134410.0
007 000043774
008 130410s2004 dr a 001 0 spa d
020 _a9993400610
040 _aBPMSU
_bspa
_cBPMSU
082 0 4 _a301
_bM385n, 2004
100 1 _aMartínez Almanzar, Juan Francisco
245 1 0 _aNociones de sociología :
_bintrodución a la ciencia sociales /
_cJuan Francisco Martínez Almanzar.
250 _a8a. ed.
260 _aSanto Domingo :
_bCAIS,
_c2004
300 _a435 p. :
_bil. ;
_c21 cm.
504 _aBibliografía : p. 433-435.
650 4 _aSOCIOLOGÍA
650 4 _aCIENCIAS SOCIALES
650 4 _aMETODOLOGÍA CIENTÍFICA
650 4 _aANTROPOLOGÍA
650 4 _aGRUPOS SOCIALES
650 4 _aCLASES SOCIALES
710 2 _aCentro de Adiestramiento e Investigación Social (República Dominica)
910 _aValidado. Control de calidad MFF
930 1 _lBND01
_mLF1
_820140428
_f01
_pHD
_g44433
942 _2ddc
_cBK
945 _aTitulo remanejado para BNPHU
956 _aWMENDOZA
_b10
_c20140428
_lBND01
_h1135
956 _aVMATEO
_b10
_c20140429
_lBND01
_h1552
999 _c7551
_d7551